00711cam a22002054a 4500020004200000020003900042040000800081082002600089245008100115246002800196260004800224300004100272650001800313650001800331650002200349650002200371700003200393700002200425856005800447 a9781844073474 (hardback : alk. paper) a1844073475 (hardback : alk. paper) cDLC00a333 RAS 2007 C165 Or.00aForests, people and power :bthe political ecology of reform in South Asia /14aForests, people & power aLondon ;aSterling, VA :bEarthscan,c2007. axxii, 394 p. :bill., maps ;c25 cm. 0aForest policy 0aForest policy 0aForest management 0aForest management1 aSpringate-Baginski, Oliver.1 aBlaikie, Piers M.41uhttp://www.loc.gov/catdir/toc/ecip076/2006039460.html